Estadísticas para Enemigos más Mencionados de Rusia (Según sus ciudadanos)

Haz click aquí para intentar la prueba.

Estadísticas generales

  • Esta prueba ha sido intentada 1.909 veces
  • La puntuación promedio es 11 de 15

Estadísticas de respuestas

% MencionadoPaís% Correcto
72Estados Unidos
100%
19Alemania
92%
48Ucrania
91%
18Reino Unido
89%
4Japón
88%
6Canadá
85%
24Polonia
78%
3Finlandia
75%
29Turquía
72%
16Estonia
67%
23Letonia
66%
23Lituania
66%
10Georgia
58%
3Siria
53%
3Egipto
33%

Distribución de puntuación

Porcentaje por número respondido

Porcentaje de gente con cada puntuación

Historial de tus puntuaciones

No has intentado esta prueba.